Craig-Bamptonova metóda modálnej syntézy v úlohách mechaniky VMS

Saved in:
Bibliographic Details
Main Author: Maták, Marek, 1990- (Author)
Other Authors: Hók, Vendelín, 1981- (Thesis advisor)
Format: Manuscript Book
Language:Slovak
Published: Bratislava : STU v Bratislave SjF, 2013
Subjects:
Online Access:VAIS
Tags: Add Tag
No Tags, Be the first to tag this record!

MARC

LEADER 00000ntm a22000003a 4500
001 stu286858
005 20150617230257.2
008 140321s2013----xo------------------slo-d
040 |a STU  |b slo 
041 0 |a slo 
044 |a xo 
100 1 |a Maták, Marek,  |d 1990-  |4 aut  |u J0010  |U SjF Strojnícka fakulta  |T SjF Ústav aplikovanej mechaniky a mechatroniky  |X 58333  |U J0010  |Y 801  |7 A000058333 
242 0 0 |a Craig-Bampton method of component mode synthesis in multibody dynamics  |y eng 
245 1 |a Craig-Bamptonova metóda modálnej syntézy v úlohách mechaniky VMS 
260 |a Bratislava :  |b STU v Bratislave SjF,  |c 2013 
650 7 |a aplikovaná mechanika  |2 stusub 
650 7 |a Applied Mechanics  |2 estusub 
700 1 |a Hók, Vendelín,  |d 1981-  |4 ths  |u J0010  |U SjF Strojnícka fakulta  |T SjF Ústav aplikovanej mechaniky a mechatroniky  |X 10342  |U J0010  |Y 801  |7 A000010342 
856 4 |a info a plný text  |u http://is.stuba.sk/zp/portal_zp.pl?podrobnosti=94800  |3 VAIS